| 000 | 00821pam a2200277 a 4500 | ||
|---|---|---|---|
| 001 | 31517 | ||
| 005 | 20230411085924.0 | ||
| 008 | 830523s1984 njub b 001 0 eng | ||
| 035 | _9(DLC) 83011040 | ||
| 035 | _a3768447 | ||
| 010 | _a 83011040 | ||
| 020 | _a0130282332 (pbk.) | ||
| 040 |
_aDLC _cDLC _dDLC |
||
| 043 |
_an-us--- _an------ _as------ |
||
| 050 | 1 | 4 |
_aE162 _b.L82 1984 |
| 082 | 0 | 0 |
_a973 _219 |
| 100 | 1 | _aLucas, Paul Robert. | |
| 245 | 1 | 0 |
_aAmerican odyssey, 1607-1789 / _cPaul Robert Lucas. |
| 260 |
_aEnglewood Cliffs, N.J. : _bPrentice-Hall, _cc1984. |
||
| 300 |
_axv, 311 p. : _bmaps ; _c23 cm. |
||
| 504 | _aBibliography: p. 274-295. | ||
| 500 | _aIncludes index. | ||
| 651 | 0 |
_aUnited States _xCivilization _yTo 1783. |
|
| 651 | 0 |
_aAmerica _xDiscovery and exploration. |
|
| 942 |
_2lcc _cbk |
||
| 999 |
_c109356 _d109356 |
||